000 00268nam a22001217a 4500
082 _a001
_bJAY/B
100 _aJAYAKAR,M.R
245 _aBUILDERS OF MODERN INDIA
260 _aINDIA
_bPUBLICATIONS DIVISION
300 _a336
650 _aBIOGRAPHY
_zINDIA
942 _cBK
999 _c6289
_d6289